Click to translate German - Statistics

General Stats
  • This quiz has been taken 325 times
  • The average score is 16 of 19
Answer Stats
Hint Answer % Correct
library Bibliothek
99%
child Kind
96%
work arbeiten
92%
from aus
92%
boat Boot
91%
egg Ei
91%
with mit
91%
city Stadt
91%
birthday Geburtstag
89%
understand verstehen
89%
guest Gast
88%
railway station Bahnhof
87%
head Kopf
86%
history Geschichte
82%
fairy Fee
78%
horse Pferd
76%
farm Bauernhof
72%
boot Stiefel
68%
garlic knoblauch
65%
No matching quizzes found
Score Distribution
Percent of People with Each Score
Percentile by Number Answered
Your Score History
You have not taken this quiz